000 03313namaa2200469uu 4500
001 doab133811
003 oapen
005 20260218110435.0
006 m o d
007 cr|mn|---annan
008 240131s2024 xx |||||o ||| 0|eng d
020 _a9781003371144
020 _a9781003371144
020 _a9781003861713
020 _a9781003861751
020 _a9781032442358
024 7 _a10.4324/9781003371144
_2doi
040 _aoapen
_coapen
_d
041 0 _aeng
042 _adc
720 1 _aWeber, Benjamin
_4edt
245 0 0 _aCrusade: The Uses of a Word from the Middle Ages to the Present
260 _aOxford
_bTaylor & Francis
_c2024
300 _a1 online resource (190 p.)
336 _atext
_btxt
_2rdacontent
337 _acomputer
_bc
_2rdamedia
338 _aonline resource
_bcr
_2rdacarrier
490 1 _aCrusades - Subsidia
506 0 _fUnrestricted online access
_2star
520 _aThe word 'crusade' covers today a wide variety of meanings in most European languages. The link between these uses and the historical phenomenon labelled as 'crusade' by historians is often very narrow and particularly changing. Understanding the real meaning of the word 'crusade', its connotations and implications, and thus the conscious or unconscious intentions of its uses requires a precise knowledge of the historical evolutions of the word, from its first appearance in the 13th century until nowadays. This book offers the first comprehensive view of the historical construction of the meaning of the word 'crusade' through comparative perspectives from the Middle Ages to the 21st century. Its 11 articles, introduction and conclusion examine different uses of the word, in a single language or within a specific context, and analyse each of them as a different conceptualisation of the crusading phenomenon. The book explains the progressive widening of the meaning of the term, from a military expedition to Jerusalem to the most metaphorical uses. It demonstrates the differences between the connotations of the word in various languages and cultures and, thus, the variety of its possible uses. It insists on the reluctance and reticence that 'crusade' has always provoked since the Middle Ages, precisely because the conceptualisation it implied was not shared by all. The book will be of interest not only for crusade scholars and for diachronic linguists but also for anyone interested in understanding better modern discourses and references to the 'crusade' by politicians, activists, and journalists, through a precise inquiry on the historical developments of the word and the variety of its meanings.
540 _aCreative Commons
_fhttps://creativecommons.org/licenses/by-nc-nd/4.0/
_2cc
_uhttps://creativecommons.org/licenses/by-nc-nd/4.0/
546 _aEnglish
650 7 _aEuropean history
_2bicssc
650 7 _aHistoriography
_2bicssc
650 7 _aMedieval history
_2bicssc
650 7 _aMilitary history
_2bicssc
650 7 _aSocial & cultural history
_2bicssc
720 1 _aWeber, Benjamin
_4oth
793 0 _aDOAB Library.
856 _uhttps://docs.google.com/spreadsheets/d/1yKIrdCPDAG_9c22mwoOIO2DOhtj65Wqa/edit?usp=sharing&ouid=106555315294820607512&rtpof=true&sd=true
_yList of Curated E-Books
942 _cE-BOOK
999 _c81082
_d81081